| 000 | 01175cam a22003135i 4500 | ||
|---|---|---|---|
| 999 |
_c15243 _d15243 |
||
| 003 | EG-ScBUE | ||
| 005 | 20210112141637.0 | ||
| 008 | 110504s1994 enk g 000 1 eng d | ||
| 020 | _a0140621148 | ||
| 020 | _a9780140621143 | ||
| 040 |
_aEG-ScBUE _beng _erda _cEG-ScBUE _dEG-ScBUE |
||
| 082 | 0 | 4 |
_a813 _bLON _222 |
| 100 | 1 |
_a London, Jack, _d1876-1916, _eauthor. |
|
| 245 | 1 | 0 |
_aWhite fang, and the call of the wild / _cJack London. |
| 264 | 1 |
_aLondon : _bPenguin Books, _c1994. |
|
| 300 |
_a278 pages ; _c24 cm. |
||
| 336 |
_atext _btxt _2rdacontent |
||
| 337 |
_aunmediated _bn _2rdamedia |
||
| 338 |
_avolume _bnc _2rdacarrier |
||
| 490 | 0 | _aPenguin Popular classics | |
| 520 | _aThe adventures in the northern wilderness of a dog who is part wolf and how he comes to make his peace with man. Includes extensive illustrations with captions providing background information. | ||
| 650 | 7 |
_aDogs _xJuvenile fiction. _2BUEsh _923597 |
|
| 650 | 7 |
_aDogs _xFiction. _2BUEsh _923598 |
|
| 650 | 7 |
_aWolves _xFiction. _2BUEsh _923599 |
|
| 651 | 7 |
_aCanada _xFiction. _2BUEsh _923600 |
|
| 653 |
_bHHUUEENN _cMay2011 |
||
| 942 |
_cBB _2ddc |
||